000 00706nam a2200229Ia 4500
003 OSt
005 20220918181201.0
006 a|||||r|||| 00| 0
007 ta
008 220917b |||||||| |||| 00| 0 eng d
024 _a25,802
037 _cTextual
040 _aARTS
_cARTS
_beng
041 _2eng
_aeng
082 _aO111,1L92:gx, M3
245 0 _aShelley revalued
_b essays from the Gregynog congerence , University of Wales , September 1978 and September 1980 ed by Kelvin Everest
260 _aLeicester
_bLeicester Univ Press
_c1983
300 _axiv,234p.
_ccm.
650 _aENGLISH LITERATURE
942 _hO111,1L92:gx, M3
_cTEXL
_2CC
999 _c164673
_d164673